Fintech és klasszikus bankrendszer találkozása Revolut és kereskedelmi bankok gyakorlati összevetése

Bibliográfiai részletek
Szerző: Bálint Dávid
További közreműködők: Kalló Dr. Noémi
Dokumentumtípus: Diplomadolgozat
Kulcsszavak:21. század
elektronikus kereskedelem - online kereskedelem
fintech
fogyasztói bizalom
pénzügyi innováció
Online Access:http://dolgozattar.uni-bge.hu/60398

MARC

LEADER 00000nta a2200000 i 4500
001 dolg60398
005 20260409150530.0
008 260409suuuu hu om 000 hun d
040 |a BGE Dolgozattár Repozitórium  |b hun 
041 |a hu 
100 1 |a Bálint Dávid 
245 1 0 |a Fintech és klasszikus bankrendszer találkozása  |b Revolut és kereskedelmi bankok gyakorlati összevetése  |c Bálint Dávid  |h [elektronikus dokumentum] 
520 3 |a A dolgozat célja a Revolut és a hagyományos magyarországi bankok összehasonlító vizsgálata, különös tekintettel a felhasználói szokásokra, a szolgáltatások megítélésére és a digitális bankolás terjedésére. A szakirodalmi áttekintés bemutatja a fintech-szolgáltatások fejlődését, a digitális pénzügyi innovációk hatásait, valamint a magyar szabályozási környezet sajátosságait, amelyek korlátozzák a Revolut teljes bankhelyettesítő szerepét.A primer kutatás online kérdőíves módszerrel készült 95 válaszadó részvételével. Az eredmények alapján a felhasználók a Revolutot elsősorban gyorsasága, kedvező költségei és felhasználóbarát felülete miatt részesítik előnyben, ugyanakkor a többség továbbra is megtartja hagyományos banki számláját különböző okok miatt. A válaszadók jelentős része a Revolutot inkább kiegészítő szolgáltatásnak tekinti, mint teljes értékű banki alternatívának.A kutatás azt mutatja, hogy a Revolut erős versenytársként jelenik meg a hazai piacon, de a hagyományos bankok rövid távon továbbra is nélkülözhetetlenek maradnak a pénzügyi szolgáltatások teljes körű ellátásában. 
695 |a 21. század 
695 |a elektronikus kereskedelem - online kereskedelem 
695 |a fintech 
695 |a fogyasztói bizalom 
695 |a pénzügyi innováció 
700 1 |a Kalló Dr. Noémi  |e ths 
856 4 0 |u http://dolgozattar.uni-bge.hu/60398/1/B%C3%A1lint_D%C3%A1vid_IA6CHK_Szakdolgozat_BGE2025.pdf  |z Dokumentum-elérés 
856 4 0 |u http://dolgozattar.uni-bge.hu/60398/2/biralat_BD.pdf  |z Dokumentum-elérés